000 00419nam a2200169Ia 4500
008 260520s2024 xx 000 0 und d
020 _a978-93-6386-163-3
041 _aeng
082 _a006.31/BAK
100 _aBaker, Pam
245 _aChat GPT for dummies
250 _a1st ed
260 _aNEW DELHI
_bWiley India pvt Litd
_c2024
300 _a159p.
500 _aCat No: 14991
650 _aCOMPUTER SICENCE
999 _c1221797
_d1221797